000 00583nam a2200205 a 4500
001 42621
003 BD-RjUL
005 20211209053551.0
008 160614s1950 ka 001 0 eng d
035 _a(BD-RjUL)42739
040 _aVCAV
_beng
_cVCAV
_dABS
_dBD-RjUL
041 _aeng
082 0 4 _a330.1
_223
_bLIC 1950
100 1 _aLittle, Ian Malcolm David.
_9131028
245 1 2 _aA critique of welfare economics /
_cby I.M.D. Little.
260 _aOxford :
_bClarendon Press,
_c1950.
300 _aviii, 275 p. :
_bill ;
_c22 cm.
650 0 _aEconomics.
_9131029
942 _2ddc
_cBK
999 _c42621
_d42621